000 00661nam a22002417a 4500
008 130505b xxu||||| |||| 00| 0 eng d
024 _cAvailable
037 _cAvailable
040 _aMBSTU LIBRARY
082 _222
_a345 CHL
100 _aChowdhury , A.N.M. Khaled.
245 _aLaw on corruption.
250 _a4th
260 _aDhaka
_bBangladesh Law Book Company.
_c2002
300 _a22 cm.
_b167 page
_f3
_g22 cm.
600 _aCriminal law.
650 _2Criminal law.
700 _aChowdhury , A.N.M. Khaled.
270 _aDhaka
_bDhaka
_dBangladesh
365 _b120.00
_d120.00
942 _2ddc
_cBK
999 _c300
_d300